[Event "Oberliga Ost-A 2324"]
[Site "Germany"]
[Date "2024.04.14"]
[Round "11.2"]
[White "Englert, Luca"]
[Black "Rudolf, Sebastian"]
[Result "1/2-1/2"]
[WhiteElo "2121"]
[BlackElo "2295"]
[PlyCount "76"]
[EventDate "2023.10.22"]
[EventType "team-tourn"]
[EventRounds "11"]
[EventCountry "GER"]
[SourceTitle "EXT 2025"]
[Source "ChessBase"]
[SourceDate "2024.10.14"]
[SourceVersion "1"]
[SourceVersionDate "2024.10.14"]
[SourceQuality "1"]
[WhiteTeam "Leipzig VfB"]
[BlackTeam "Dresden Gruen Weiss"]
[WhiteTeamCountry "GER"]
[BlackTeamCountry "GER"]

1. e4 c6 2. d4 d5 3. e5 Bf5 4. Nd2 e6 5. Nb3 Nd7 6. Nf3 Ne7 7. a4 Nc8 8. a5 a6 9. Be2 Be7 10. 0-0 0-0 11. Bd2 Na7 12. c4 dxc4 13. Bxc4 Nb5 14. Rc1 Be4 15. Ne1 Bd5 16. Bxd5 cxd5 17. f4 f5 18. exf6 Nxf6 19. Nd3 Ne4 20. Bb4 Bxb4 21. Nxb4 Qf6 22. f5 exf5 23. Nxd5 Qd6 24. Nb6 Rad8 25. Nc5 Qxd4+ 26. Qxd4 Nxd4 27. Nxb7 Ne2+ 28. Kh1 Rd2 29. Rce1 Rxb2 30. Nc4 Rxb7 31. Rxe2 Rb4 32. Ne3 Ra4 33. Nd5 g6 34. g4 fxg4 35. Rc1 Nf2+ 36. Kg2 Nd3 37. Rc7 Nf4+ 38. Nxf4 Raxf4 1/2-1/2

[Event "Oberliga Ost-A 2324"]
[Site "Germany"]
[Date "2024.04.13"]
[Round "10.2"]
[White "Rudolf, Sebastian"]
[Black "Post, Hugo"]
[Result "0-1"]
[WhiteElo "2295"]
[BlackElo "2198"]
[PlyCount "70"]
[EventDate "2023.10.22"]
[EventType "team-tourn"]
[EventRounds "11"]
[EventCountry "GER"]
[SourceTitle "EXT 2025"]
[Source "ChessBase"]
[SourceDate "2024.10.14"]
[SourceVersion "1"]
[SourceVersionDate "2024.10.14"]
[SourceQuality "1"]
[WhiteTeam "Dresden Gruen Weiss"]
[BlackTeam "Loeberitz"]
[WhiteTeamCountry "GER"]
[BlackTeamCountry "GER"]

1. e4 c5 2. c3 Nf6 3. e5 Nd5 4. Nf3 Nc6 5. Bc4 e6 6. d4 d6 7. 0-0 Nb6 8. Bb3 Qc7 9. dxc5 dxc5 10. Qe2 Bd7 11. Re1 h6 12. Nbd2 0-0-0 13. a4 g5 14. a5 Nd5 15. Nc4 Kb8 16. Qe4 Rg8 17. Rd1 Rg7 18. Ne1 Nce7 19. Ba4 Nf5 20. Bxd7 Rxd7 21. Nd3 h5 22. Bd2 Be7 23. Be1 Nh4 24. f3 Ng6 25. a6 b6 26. Na3 g4 27. fxg4 Nh4 28. Bxh4 Rxg4 29. Qf3 Bxh4 30. c4 Ne7 31. Nf4 Rd4 32. Ne2 Rde4 33. h3 Qxe5 34. hxg4 hxg4 35. Qxf7 Rxe2 0-1

[Event "Oberliga Ost-A 2324"]
[Site "Germany"]
[Date "2024.03.16"]
[Round "8.2"]
[White "Rudolf, Sebastian"]
[Black "Jurasek, Miroslav"]
[Result "1/2-1/2"]
[WhiteElo "2304"]
[BlackElo "2241"]
[PlyCount "31"]
[EventDate "2023.10.22"]
[EventType "team-tourn"]
[EventRounds "11"]
[EventCountry "GER"]
[SourceTitle "EXT 2025"]
[Source "ChessBase"]
[SourceDate "2024.10.14"]
[SourceVersion "1"]
[SourceVersionDate "2024.10.14"]
[SourceQuality "1"]
[WhiteTeam "Dresden Gruen Weiss"]
[BlackTeam "Aue Nickelhuette II"]
[WhiteTeamCountry "GER"]
[BlackTeamCountry "GER"]

1. e4 e5 2. Nf3 Nf6 3. Nxe5 d6 4. Nf3 Nxe4 5. Nc3 Nxc3 6. dxc3 Be7 7. Bf4 0-0 8. Qd2 Nd7 9. 0-0-0 Nf6 10. Bd3 Be6 11. Kb1 Qd7 12. Rhe1 Rae8 13. Nd4 Nd5 14. Bg5 Qd8 15. Bxe7 Rxe7 16. Re2 1/2-1/2

[Event "Oberliga Ost-A 2324"]
[Site "Germany"]
[Date "2023.10.22"]
[Round "1.2"]
[White "Rudolf, Sebastian"]
[Black "Hovsepyan, Vardan"]
[Result "1-0"]
[WhiteElo "2301"]
[BlackElo "2288"]
[PlyCount "85"]
[EventDate "2023.10.22"]
[EventType "team-tourn"]
[EventRounds "11"]
[EventCountry "GER"]
[SourceTitle "EXT 2025"]
[Source "ChessBase"]
[SourceDate "2024.10.14"]
[SourceVersion "1"]
[SourceVersionDate "2024.10.14"]
[SourceQuality "1"]
[WhiteTeam "Dresden Gruen Weiss"]
[BlackTeam "Hoyerswerda"]
[WhiteTeamCountry "GER"]
[BlackTeamCountry "GER"]

1. e4 e5 2. Nf3 Nc6 3. d4 exd4 4. Nxd4 Bc5 5. Nxc6 Qf6 6. Qd2 dxc6 7. Nc3 Be6 8. Na4 Rd8 9. Bd3 Bd4 10. 0-0 b5 11. c3 bxa4 12. cxd4 Qxd4 13. Rd1 Bg4 14. Re1 Qxd3 15. Qg5 Be6 16. Qxg7 Qd4 17. e5 Qg4 18. Qxh8 Bd5 19. f3 Bxf3 20. g3 Bd5 21. e6 fxe6 22. Bf4 Rd7 23. Re5 Rg7 24. Rf1 h6 25. Rh5 Bc4 26. Re1 Kf7 27. Bxh6 Nxh6 28. Qxh6 Qf3 29. Rg5 Rxg5 30. Qxg5 Ke8 31. Qg6+ Ke7 32. Qe4 Qd3 33. Qxd3 Bxd3 34. Rd1 Bb5 35. a3 e5 36. Kf2 Bc4 37. Ke3 Bd5 38. Rf1 Kd6 39. h4 Kc5 40. Rc1+ Kd6 41. g4 Ke7 42. Rf1 Bc4 43. Rf2 1-0

[Event "Oberliga Ost-A 2122"]
[Site "Germany"]
[Date "2022.04.02"]
[Round "10.2"]
[White "Rudolf, Sebastian"]
[Black "Collini, Carsten"]
[Result "1-0"]
[WhiteElo "2309"]
[BlackElo "2112"]
[PlyCount "113"]
[EventDate "2021.10.10"]
[EventType "team-tourn"]
[EventRounds "11"]
[EventCountry "GER"]
[SourceTitle "EXT 2023"]
[Source "ChessBase"]
[SourceDate "2022.10.05"]
[SourceVersion "1"]
[SourceVersionDate "2022.10.05"]
[SourceQuality "1"]
[WhiteTeam "Dresden Gruen Weiss"]
[BlackTeam "Leipzig VfB"]
[WhiteTeamCountry "GER"]
[BlackTeamCountry "GER"]

1. e4 e5 2. Nf3 d6 3. d4 Nf6 4. Nc3 Nbd7 5. Bc4 Be7 6. 0-0 0-0 7. Re1 c6 8. a4 b6 9. b3 Qc7 10. Bb2 a6 11. Bd3 Re8 12. Ne2 Bf8 13. Ng3 g6 14. c3 Bg7 15. b4 Nf8 16. h3 Ne6 17. Qc2 Nf4 18. Bf1 a5 19. Bc1 N6h5 20. Nxh5 Nxh5 21. dxe5 dxe5 22. Be3 Nf4 23. bxa5 Rxa5 24. Reb1 c5 25. Qb3 Bd7 26. Qxb6 Qxb6 27. Rxb6 Bxa4 28. Bc4 h6 29. Rb7 Ne6 30. Rb2 Raa8 31. Rba2 Bc6 32. Rxa8 Rxa8 33. Rxa8+ Bxa8 34. Bxe6 fxe6 35. Nd2 Bf8 36. f3 Kf7 37. Nb3 Bc6 38. Bxc5 Ba4 39. Bxf8 Bxb3 40. Bxh6 Bc4 41. Bg5 Bd3 42. Kf2 Bc4 43. Bd8 Bb5 44. h4 Ba6 45. g4 Bb5 46. Ke3 Ba6 47. Bc7 Kf6 48. g5+ Kf7 49. Bxe5 Bb5 50. Kd4 Ke7 51. c4 Ba4 52. c5 Bd1 53. h5 gxh5 54. c6 Ba4 55. c7 Bd7 56. g6 h4 57. Ke3 1-0

[Event "GER-ch Net Amateur Gr-A Final"]
[Site "Playchess.com INT"]
[Date "2020.04.18"]
[Round "8"]
[White "Rudolf, Sebastian"]
[Black "Schwarz, Frank"]
[Result "0-1"]
[WhiteElo "2160"]
[BlackElo "2033"]
[PlyCount "176"]
[EventDate "2020.04.18"]
[EventType "swiss (blitz)"]
[EventRounds "13"]
[EventCountry "GER"]
[SourceTitle "CBM 195 Extra"]
[Source "ChessBase"]
[SourceDate "2020.05.31"]
[SourceVersion "1"]
[SourceVersionDate "2020.05.31"]
[SourceQuality "1"]

1. e4 e6 2. d4 d5 3. Nd2 Nf6 4. e5 Nfd7 5. c3 c5 6. f4 Nc6 7. Ndf3 f6 8. Bd3 cxd4 9. cxd4 Bb4+ 10. Bd2 Qb6 11. Ne2 fxe5 12. fxe5 0-0 13. a3 Be7 14. Bc3 a6 15. Bc2 Rf7 16. Qd3 Nf8 17. 0-0 Bd7 18. Qd2 Qd8 19. Rac1 Rc8 20. Bb1 Na7 21. Bb4 Rxc1 22. Rxc1 Nc6 23. Bxe7 Qxe7 24. Ng5 Be8 25. Nxf7 Bxf7 26. Rf1 Bg6 27. Bxg6 Nxg6 28. g3 h6 29. h4 Qc7 30. h5 Nge7 31. Nf4 Qd7 32. g4 Nc8 33. Qd3 Nb6 34. Qg6 Nxd4 35. g5 hxg5 36. Qxg5 Nc4 37. h6 Nd2 38. h7+ Kxh7 39. Qg6+ Kg8 40. Nh5 N2f3+ 41. Kh1 Qe7 42. Nf6+ Kf8 43. Rc1 Nc6 44. Rf1 Ncxe5 45. Nh7+ Kg8 46. Qh5 g6 47. Qh6 Qxh7 48. Qxh7+ Kxh7 49. Rc1 Nc6 50. Kg2 Nfe5 51. Rf1 Kg7 52. Rc1 Kf6 53. b4 Ke7 54. Kg3 Kd6 55. Rf1 Nc4 56. Rf8 Ke5 57. Rf7 Kd4 58. Rxb7 e5 59. a4 e4 60. b5 axb5 61. axb5 N6a5 62. Re7 Kd3 63. Rd7 d4 64. Re7 e3 65. Re6 Nd2 66. b6 e2 67. Re5 Ndc4 68. Re8 Nxb6 69. Kf2 Nbc4 70. Rxe2 Ne3 71. Ra2 Nac4 72. Ra8 g5 73. Rg8 g4 74. Rg7 Nd2 75. Rd7 Ne4+ 76. Ke1 g3 77. Ra7 g2 78. Ra3+ Nc3 79. Kf2 Ke4 80. Ra8 Ncd5 81. Re8+ Kd3 82. Ra8 Nf4 83. Ra3+ Ke4 84. Ra8 Nh3+ 85. Ke2 g1Q 86. Re8+ Kf4 87. Rf8+ Nf5 88. Kd2 Qe3+ 0-1

[Event "GER-ch Net Amateur Gr-A Vor2"]
[Site "Playchess.com INT"]
[Date "2020.04.15"]
[Round "7"]
[White "Rudolf, Sebastian"]
[Black "Fromm, Marius"]
[Result "1-0"]
[WhiteElo "2069"]
[BlackElo "1878"]
[PlyCount "59"]
[EventDate "2020.04.15"]
[EventType "swiss (blitz)"]
[EventRounds "9"]
[EventCountry "GER"]
[SourceTitle "CBM 196 Extra"]
[Source "ChessBase"]
[SourceDate "2020.07.31"]
[SourceVersion "1"]
[SourceVersionDate "2020.07.31"]
[SourceQuality "1"]

1. e4 e5 2. Nf3 Nc6 3. Bc4 Bc5 4. c3 Nf6 5. d3 0-0 6. 0-0 d5 7. exd5 Nxd5 8. Re1 Bg4 9. h3 Bh5 10. b4 Bb6 11. b5 Na5 12. Rxe5 Nf6 13. Nbd2 Qd7 14. Ba3 Rfe8 15. Rxe8+ Rxe8 16. Rb1 Nd5 17. Bb4 Nxc4 18. Nxc4 Nf4 19. d4 Ne2+ 20. Kh2 Bxf3 21. gxf3 Nf4 22. Qf1 Qxb5 23. Ne3 Qh5 24. Kg3 c5 25. Bxc5 Bxc5 26. dxc5 Qxc5 27. h4 Qc7 28. Qc4 Nh5+ 29. Kg2 Qd7 30. Qg4 1-0

[Event "GER-ch Net Amateur Gr-A Vor2"]
[Site "Playchess.com INT"]
[Date "2020.04.15"]
[Round "6"]
[White "Vatter, Hans Joachim"]
[Black "Rudolf, Sebastian"]
[Result "0-1"]
[WhiteElo "2217"]
[BlackElo "2069"]
[PlyCount "180"]
[EventDate "2020.04.15"]
[EventType "swiss (blitz)"]
[EventRounds "9"]
[EventCountry "GER"]
[SourceTitle "CBM 196 Extra"]
[Source "ChessBase"]
[SourceDate "2020.07.31"]
[SourceVersion "1"]
[SourceVersionDate "2020.07.31"]
[SourceQuality "1"]

1. e4 c5 2. Nf3 Nc6 3. Bb5 e6 4. Bxc6 bxc6 5. d3 Ne7 6. 0-0 Ng6 7. Ng5 f6 8. Nh3 d6 9. f4 f5 10. Nc3 Be7 11. Qh5 0-0 12. Bd2 Bd7 13. Rae1 Be8 14. Qe2 Bd7 15. Kh1 Rb8 16. b3 Bh4 17. g3 Bf6 18. exf5 exf5 19. Qf3 Qc7 20. Ng5 Rbe8 21. Qh5 Bxg5 22. Qxg5 Qd8 23. Qxd8 Rxd8 24. Kg2 Rfe8 25. Kf3 Kf7 26. h3 h5 27. Be3 Re6 28. Bf2 Rde8 29. Rxe6 Rxe6 30. Re1 Rxe1 31. Bxe1 Nf8 32. Bf2 Ne6 33. Na4 Nc7 34. Nb2 Nd5 35. Nc4 Ke6 36. Be1 g6 37. c3 Bc8 38. Ne3 Ne7 39. c4 Bd7 40. Bc3 Be8 41. Ba5 Ng8 42. Bc7 Bf7 43. Bb8 a6 44. Bc7 Nf6 45. Bd8 Nd7 46. Ba5 Nf6 47. Bc3 Nd7 48. Bg7 Nb6 49. Ng2 Nc8 50. Ke3 Ne7 51. Nh4 Nc8 52. Nf3 Be8 53. Ng5+ Kd7 54. Bf8 Nb6 55. Nh7 Ke6 56. Bg7 Nd7 57. Bc3 Ke7 58. Ng5 Nf8 59. d4 cxd4+ 60. Bxd4 Ne6 61. Nf3 c5 62. Bc3 Bc6 63. Nh4 Kf7 64. Bb2 Be4 65. Bc3 Bb1 66. a3 Ba2 67. b4 Bxc4 68. bxc5 dxc5 69. Be5 Bd5 70. Nf3 Bxf3 71. Kxf3 Ke8 72. Ke3 Kd7 73. Kd3 Kc6 74. Kc4 Nd8 75. Bf6 Nb7 76. Bc3 Nd6+ 77. Kd3 Kd5 78. Be5 Ne4 79. g4 hxg4 80. hxg4 fxg4 81. Ke3 g3 82. Kf3 c4 83. Bb2 c3 84. Bxc3 Nxc3 85. Kxg3 Ke6 86. Kg4 Kf6 87. Kf3 Kf5 88. Ke3 Nb5 89. a4 Nc3 90. Kd4 Nxa4 0-1

[Event "GER-ch Net Amateur Gr-A Vor1"]
[Site "Playchess.com INT"]
[Date "2020.04.14"]
[Round "9"]
[White "Milare, Tyron"]
[Black "Rudolf, Sebastian"]
[Result "0-1"]
[WhiteElo "1934"]
[BlackElo "2058"]
[PlyCount "130"]
[EventDate "2020.04.14"]
[EventType "swiss (blitz)"]
[EventRounds "9"]
[EventCountry "GER"]
[SourceTitle "EXT 2021"]
[Source "ChessBase"]
[SourceDate "2020.10.23"]
[SourceVersion "1"]
[SourceVersionDate "2020.10.23"]
[SourceQuality "1"]

1. d4 Nf6 2. Nf3 c5 3. dxc5 e6 4. e3 Bxc5 5. Bd3 0-0 6. 0-0 b6 7. c4 Bb7 8. Nc3 Be7 9. b3 d6 10. Bb2 Nbd7 11. h3 a6 12. Qe2 Qc7 13. Rad1 Rac8 14. e4 Rfe8 15. Rfe1 Qb8 16. Na4 Bd8 17. Nc3 Bc7 18. Qe3 Nc5 19. Bb1 Qa8 20. Qg5 h6 21. Qg3 d5 22. e5 Nfe4 23. Nxe4 dxe4 24. Nh2 Rcd8 25. Ng4 Kh7 26. Qf4 f5 27. Ne3 Rxd1 28. Rxd1 Rd8 29. Rxd8 Qxd8 30. Nxf5 exf5 31. Qxf5+ Kh8 32. Qg4 Qg5 33. Qe2 Bxe5 34. Bxe5 Qxe5 35. b4 Ne6 36. a3 Qa1 37. Qd1 Qd4 38. Qc2 Nf4 39. Kf1 Nd3 40. Qe2 Qxc4 41. Bc2 Qd4 42. f3 Bd5 43. fxe4 Bxe4 44. Qd2 Bg6 45. Qe2 Kh7 46. g3 Qf6+ 47. Kg2 Qc6+ 48. Kf1 Qc3 49. Kg2 Qxa3 50. b5 axb5 51. Qe6 Qc3 52. Qe2 b4 53. Bb1 b3 54. h4 Qc6+ 55. Kh2 Qe4 56. Qd2 Qf3 57. h5 Qxh5+ 58. Kg2 Qd5+ 59. Kh2 Qf3 60. Qc3 Qf2+ 61. Kh3 Bf5+ 62. g4 Qf3+ 63. Kh2 Qf4+ 64. Kh1 Be4+ 65. Kg1 Qg3+ 0-1

[Event "GER-ch Net Amateur Gr-A Vor1"]
[Site "Playchess.com INT"]
[Date "2020.04.14"]
[Round "7"]
[White "Nuber, Korbinian"]
[Black "Rudolf, Sebastian"]
[Result "1-0"]
[WhiteElo "2004"]
[BlackElo "2060"]
[PlyCount "69"]
[EventDate "2020.04.14"]
[EventType "swiss (blitz)"]
[EventRounds "9"]
[EventCountry "GER"]
[SourceTitle "EXT 2021"]
[Source "ChessBase"]
[SourceDate "2020.10.23"]
[SourceVersion "1"]
[SourceVersionDate "2020.10.23"]
[SourceQuality "1"]

1. e4 c6 2. d4 d5 3. Nc3 dxe4 4. Nxe4 Bf5 5. Ng3 Bg6 6. h4 h6 7. Nf3 Nd7 8. Bd3 Bxd3 9. Qxd3 Ngf6 10. c4 e6 11. Ne4 Nxe4 12. Qxe4 Nf6 13. Qe2 Be7 14. Bd2 Qc7 15. 0-0-0 0-0-0 16. g3 Rhe8 17. Bf4 Bd6 18. Bxd6 Rxd6 19. Ne5 Red8 20. Qe3 Rf8 21. Rhe1 Nd7 22. c5 Rd5 23. Nc4 e5 24. b4 exd4 25. Rxd4 Nf6 26. Nd6+ Kb8 27. Rxd5 Nxd5 28. Qe8+ Qd8 29. Qxd8+ Rxd8 30. a3 Rf8 31. Kd2 Kc7 32. Re8 Rxe8 33. Nxe8+ Kd7 34. Nxg7 Nb6 35. cxb6 1-0

[Event "GER-ch Net Amateur Gr-A Vor1"]
[Site "Playchess.com INT"]
[Date "2020.04.14"]
[Round "4"]
[White "Rudolf, Sebastian"]
[Black "Schneider, Bernd"]
[Result "0-1"]
[WhiteElo "2049"]
[BlackElo "2602"]
[PlyCount "92"]
[EventDate "2020.04.14"]
[EventType "swiss (blitz)"]
[EventRounds "9"]
[EventCountry "GER"]
[SourceTitle "EXT 2021"]
[Source "ChessBase"]
[SourceDate "2020.10.23"]
[SourceVersion "1"]
[SourceVersionDate "2020.10.23"]
[SourceQuality "1"]

1. e4 g6 2. d4 Bg7 3. Nc3 c6 4. f4 d5 5. e5 h5 6. Be3 Nh6 7. Nf3 Bg4 8. Be2 Nf5 9. Bf2 e6 10. Qd2 Qa5 11. h3 Bxf3 12. Bxf3 h4 13. 0-0-0 Nd7 14. Kb1 Nb6 15. Ne2 Qxd2 16. Rxd2 Bf8 17. c3 Rc8 18. Nc1 c5 19. Nd3 Nc4 20. Re2 cxd4 21. cxd4 Be7 22. Rc1 b6 23. Rec2 Kd7 24. Ka1 Nce3 25. Rxc8 Rxc8 26. Rxc8 Kxc8 27. Kb1 g5 28. Bxe3 Nxe3 29. fxg5 Bxg5 30. b3 Kd7 31. Kb2 Nf5 32. Bh5 Ke7 33. Ne1 Nxd4 34. Kc3 Nc6 35. Nf3 f6 36. exf6+ Bxf6+ 37. Kd2 e5 38. Ne1 e4 39. Nc2 Kd6 40. Be8 Ne7 41. Ne3 Bg5 42. Ke2 Bxe3 43. Kxe3 Ke5 44. g3 hxg3 45. h4 Nf5+ 46. Ke2 Nxh4 0-1

[Event "Oberliga Ost-A 1718"]
[Site "Germany"]
[Date "2018.03.18"]
[Round "9.2"]
[White "Boehnisch, Manfred"]
[Black "Rudolf, Sebastian"]
[Result "1/2-1/2"]
[WhiteElo "2297"]
[BlackElo "2270"]
[PlyCount "31"]
[EventDate "2017.10.22"]
[EventType "team-tourn"]
[EventRounds "11"]
[EventCountry "GER"]
[SourceTitle "EXT 2019"]
[Source "ChessBase"]
[SourceDate "2018.10.10"]
[SourceVersion "1"]
[SourceVersionDate "2018.10.10"]
[SourceQuality "1"]
[WhiteTeam "Leipzig SG"]
[BlackTeam "Dresden Gruen Weiss"]
[WhiteTeamCountry "GER"]
[BlackTeamCountry "GER"]

1. e4 c6 2. d4 d5 3. exd5 cxd5 4. c3 Nf6 5. Nf3 Nc6 6. Bf4 Bf5 7. Qb3 Qc8 8. Ne5 a6 9. Nd2 e6 10. Be2 Be7 11. g4 Nxe5 12. gxf5 Nc6 13. fxe6 Qxe6 14. Qc2 0-0 15. Qd3 Bd6 16. Bxd6 1/2-1/2

[Event "Oberliga Ost-A 1718"]
[Site "Germany"]
[Date "2018.02.25"]
[Round "8.2"]
[White "Rudolf, Sebastian"]
[Black "Matthey, Harald"]
[Result "1-0"]
[WhiteElo "2270"]
[BlackElo "2108"]
[PlyCount "93"]
[EventDate "2017.10.22"]
[EventType "team-tourn"]
[EventRounds "11"]
[EventCountry "GER"]
[SourceTitle "EXT 2019"]
[Source "ChessBase"]
[SourceDate "2018.10.10"]
[SourceVersion "1"]
[SourceVersionDate "2018.10.10"]
[SourceQuality "1"]
[WhiteTeam "Dresden Gruen Weiss"]
[BlackTeam "Dessau"]
[WhiteTeamCountry "GER"]
[BlackTeamCountry "GER"]

1. e4 e6 2. d4 b6 3. Bd3 Bb7 4. Nf3 g6 5. 0-0 Bg7 6. c3 h6 7. Bf4 d6 8. Nbd2 Nd7 9. Re1 Ngf6 10. Nf1 a6 11. Qe2 e5 12. dxe5 Nh5 13. Be3 dxe5 14. Qd2 Nhf6 15. Qc2 0-0 16. Rad1 Qe7 17. Ng3 Rfd8 18. Bf1 Nc5 19. Rxd8+ Rxd8 20. Bc1 a5 21. Nd2 h5 22. Bc4 Bc6 23. f3 Kh7 24. Nb3 a4 25. Nd2 Bh6 26. Bf1 h4 27. Nh1 Nh5 28. Nc4 Bxc1 29. Qxc1 Nf4 30. Nf2 b5 31. Ne3 Kg7 32. Rd1 a3 33. Rxd8 axb2 34. Qxb2 Qxd8 35. g3 Qg5 36. Neg4 hxg3 37. hxg3 Nh5 38. Bxb5 Bxb5 39. Qxb5 Qc1+ 40. Kg2 Qxc3 41. Qc6 Qa5 42. Qd5 f6 43. Qd8 Kf7 44. Nh6+ Kg7 45. Qg8+ Kxh6 46. Qh8+ Kg5 47. Nh3# 1-0

[Event "Oberliga Ost-A 1516"]
[Site "Germany"]
[Date "2016.03.13"]
[Round "9.2"]
[White "Rudolf, Sebastian"]
[Black "Tuma, Jakub"]
[Result "1-0"]
[WhiteElo "2252"]
[BlackElo "2289"]
[PlyCount "53"]
[EventDate "2015.09.20"]
[EventType "team-tourn"]
[EventRounds "11"]
[EventCountry "GER"]
[SourceTitle "EXT 2017"]
[Source "ChessBase"]
[SourceDate "2016.10.25"]
[SourceVersion "1"]
[SourceVersionDate "2016.10.25"]
[SourceQuality "1"]
[WhiteTeam "Dresden Gruen Weiss"]
[BlackTeam "Magdeburg Rochade"]
[WhiteTeamCountry "GER"]
[BlackTeamCountry "GER"]

1. e4 c5 2. Nf3 d6 3. d4 cxd4 4. Nxd4 Nf6 5. Nc3 e6 6. Be3 Be7 7. Be2 0-0 8. Qd2 Nc6 9. f4 a6 10. 0-0-0 Nxd4 11. Bxd4 b5 12. Bxf6 Bxf6 13. Qxd6 Qxd6 14. Rxd6 Bxc3 15. bxc3 Bb7 16. Bf3 Rfc8 17. Rhd1 g6 18. Rb6 Bc6 19. Rd6 Be8 20. e5 Ra7 21. Bb7 Rc7 22. Bxa6 Kg7 23. Kb2 Rc4 24. Rd4 Rc6 25. Rd6 Rc4 26. Rd8 Re7 27. Rxe8 1-0

[Event "Oberliga Ost-A 1516"]
[Site "Germany"]
[Date "2016.02.21"]
[Round "8.3"]
[White "Rudolf, Sebastian"]
[Black "Reipsch, Jens"]
[Result "1/2-1/2"]
[WhiteElo "2252"]
[BlackElo "2230"]
[PlyCount "45"]
[EventDate "2015.09.20"]
[EventType "team-tourn"]
[EventRounds "11"]
[EventCountry "GER"]
[SourceTitle "EXT 2017"]
[Source "ChessBase"]
[SourceDate "2016.10.25"]
[SourceVersion "1"]
[SourceVersionDate "2016.10.25"]
[SourceQuality "1"]
[WhiteTeam "Dresden Gruen Weiss"]
[BlackTeam "Halle Volksbank"]
[WhiteTeamCountry "GER"]
[BlackTeamCountry "GER"]

1. e4 e5 2. Nf3 Nc6 3. d4 exd4 4. Nxd4 Nf6 5. Nxc6 bxc6 6. e5 Nd5 7. c4 Bb4+ 8. Bd2 Bxd2+ 9. Qxd2 Ne7 10. Bd3 d6 11. exd6 cxd6 12. 0-0 0-0 13. Nc3 d5 14. cxd5 Nxd5 15. Be4 Be6 16. Rfd1 Qf6 17. Bxd5 Rfd8 18. Qd4 Qxd4 19. Rxd4 cxd5 20. Rad1 Rac8 21. Kf1 Rc5 22. Rb4 Kf8 23. Ke2 1/2-1/2

[Event "Oberliga Ost-A 1516"]
[Site "Germany"]
[Date "2016.01.17"]
[Round "7.3"]
[White "Moehn, Hans"]
[Black "Rudolf, Sebastian"]
[Result "1-0"]
[WhiteElo "2372"]
[BlackElo "2252"]
[PlyCount "59"]
[EventDate "2015.09.20"]
[EventType "team-tourn"]
[EventRounds "11"]
[EventCountry "GER"]
[SourceTitle "EXT 2017"]
[Source "ChessBase"]
[SourceDate "2016.10.25"]
[SourceVersion "1"]
[SourceVersionDate "2016.10.25"]
[SourceQuality "1"]
[WhiteTeam "Dresden TU II"]
[BlackTeam "Dresden Gruen Weiss"]
[WhiteTeamCountry "GER"]
[BlackTeamCountry "GER"]

1. Nf3 c5 2. c4 g6 3. d4 cxd4 4. Nxd4 Bg7 5. e4 Nc6 6. Be3 b6 7. Nc3 Bb7 8. Be2 Nf6 9. f3 0-0 10. 0-0 Nh5 11. Qd2 Nf4 12. Rad1 Nxe2+ 13. Ndxe2 d6 14. Nd5 Ne5 15. b3 Nd7 16. Bd4 Nc5 17. Nec3 Qd7 18. Bxg7 Kxg7 19. Qd4+ e5 20. Qe3 Rad8 21. f4 exf4 22. Rxf4 f6 23. Rdf1 Bxd5 24. Nxd5 Qe6 25. Nxf6 Kh8 26. Ng4 Rxf4 27. Qd4+ Kg8 28. Nh6+ Kf8 29. Rxf4+ Ke8 30. Qg7 1-0

[Event "Oberliga Ost-A 1516"]
[Site "Germany"]
[Date "2015.11.15"]
[Round "4.3"]
[White "Erler, Rainer"]
[Black "Rudolf, Sebastian"]
[Result "0-1"]
[WhiteElo "2140"]
[BlackElo "2252"]
[PlyCount "102"]
[EventDate "2015.09.20"]
[EventType "team-tourn"]
[EventRounds "11"]
[EventCountry "GER"]
[SourceTitle "EXT 2017"]
[Source "ChessBase"]
[SourceDate "2016.10.25"]
[SourceVersion "1"]
[SourceVersionDate "2016.10.25"]
[SourceQuality "1"]
[WhiteTeam "Dessau"]
[BlackTeam "Dresden Gruen Weiss"]
[WhiteTeamCountry "GER"]
[BlackTeamCountry "GER"]

1. e4 c5 2. Nc3 Nc6 3. g3 g6 4. Bg2 Bg7 5. Nh3 e6 6. 0-0 Nge7 7. Nf4 0-0 8. d3 Rb8 9. Be3 d6 10. Qd2 b5 11. a3 Bd7 12. Nd1 Qc7 13. Ne2 Nd4 14. Nc1 Rfc8 15. c3 Ndc6 16. Bh6 Bh8 17. Ne3 b4 18. Nc4 bxc3 19. bxc3 Na5 20. Bf4 Nxc4 21. dxc4 Rb6 22. Rd1 e5 23. Be3 Rcb8 24. Ra2 Be6 25. Bf1 Qc6 26. Bd3 Qa4 27. Qe2 Nc6 28. f4 exf4 29. gxf4 Na5 30. f5 Bxc4 31. Bxc4 Qxc4 32. Bf4 Qxe2 33. Nxe2 Nc4 34. Kf2 Re8 35. Kf3 Rb3 36. Rd3 Be5 37. a4 f6 38. h4 Kf7 39. Bc1 a5 40. Kg2 gxf5 41. exf5 Rg8+ 42. Kf3 Rb1 43. Rd1 Ke7 44. Rd3 Kd7 45. Kf2 Rg4 46. Rh3 Nb6 47. Bd2 Rxa4 48. Rxa4 Nxa4 49. c4 Nb6 50. Bxa5 Nxc4 51. Bc3 Rb3 0-1

[Event "Oberliga Ost-A 1516"]
[Site "Germany"]
[Date "2015.10.10"]
[Round "2.2"]
[White "Rudolf, Sebastian"]
[Black "Heyder, Florian"]
[Result "1/2-1/2"]
[WhiteElo "2252"]
[BlackElo "2230"]
[PlyCount "102"]
[EventDate "2015.09.20"]
[EventType "team-tourn"]
[EventRounds "11"]
[EventCountry "GER"]
[SourceTitle "EXT 2017"]
[Source "ChessBase"]
[SourceDate "2016.10.25"]
[SourceVersion "1"]
[SourceVersionDate "2016.10.25"]
[SourceQuality "1"]
[WhiteTeam "Dresden Gruen Weiss"]
[BlackTeam "Sangerhausen"]
[WhiteTeamCountry "GER"]
[BlackTeamCountry "GER"]

1. e4 c5 2. Nf3 e6 3. d4 cxd4 4. Nxd4 a6 5. Bd3 Qb6 6. Nb3 Qc7 7. 0-0 Nf6 8. Qe2 d6 9. c4 Nbd7 10. f4 b6 11. Nc3 Bb7 12. Bd2 Be7 13. Rae1 h5 14. Kh1 h4 15. Nd4 Qc5 16. Be3 Qh5 17. Nf3 Nc5 18. Bd4 Qh6 19. Ng5 Nh5 20. Nh3 Rc8 21. Bc2 Nf6 22. f5 Ncd7 23. Ba4 Bc6 24. Bxc6 Rxc6 25. b3 Ne5 26. Be3 Qh5 27. Qd2 Qg4 28. Rf4 Qh5 29. Rff1 Qg4 30. Rf4 Qh5 31. Ne2 g5 32. Rff1 Nxe4 33. Qc2 Ng3+ 34. hxg3 hxg3 35. fxe6 fxe6 36. Bd4 g4 37. Nef4 Qh6 38. Bxe5 dxe5 39. Rxe5 gxh3 40. Nxh3 Rf8 41. Rxf8+ Bxf8 42. Re1 Bc5 43. Qe4 Rd6 44. Rf1 a5 45. Qe5 Qh4 46. a3 Kd7 47. Qg7+ Kc6 48. Qg8 Kc7 49. b4 axb4 50. axb4 Bxb4 51. Qf7+ Rd7 1/2-1/2